| 000 | 00684nam a2200229Ia 4500 | ||
|---|---|---|---|
| 003 | OSt | ||
| 005 | 20220927105221.0 | ||
| 006 | a|||||r|||| 00| 0 | ||
| 007 | ta | ||
| 008 | 220926b |||||||| |||| 00| 0 eng d | ||
| 024 | _a188066 | ||
| 037 | _cReference Collections | ||
| 040 |
_aRTL _cRTL _beng |
||
| 041 |
_2eng _aeng |
||
| 082 | _a"X9(J).2.N8, M6/SC" | ||
| 100 |
_aPatnaik Utsa _9371066 |
||
| 245 | 0 | _aAgrarian question and the development of capitalism in India | |
| 260 |
_aDelhi _bOxford University Press _c1986 |
||
| 300 |
_a45p _ccm. |
||
| 942 |
_h"X9(J).2.N8, M6/SC" _cCC |
||
| 999 |
_c691309 _d691309 |
||